000 00659nam a2200217 i 4500
001 bg
100 1 _aKOWALCZUK, Edyta
245 1 0 _aĆwiczenia z mikologii lekarskiej dla studentów mikrobiologii /
_cEdyta Kowalczuk.
260 _aLublin :
_bWydaw. Uniwersytetu Marii Curie-Skłodowskiej,
_c1998.
300 _a61, [6] s. :
_b2 fot., rys. ;
_c24 cm.
504 _aBibliogr. s. [65].
650 9 _aGrzyby chorobotwórcze
655 _aPodręczniki akademickie
020 _a8322712464
040 _cBPK
041 0 _apl
080 _a582.28:616.5-002](075.8)
920 _a83-227-1246-4
942 _cKS
008 s pl f |000 0 pol
999 _c38577
_d38577
856 _uhttp://koha.tu.koszalin.pl/cgi-bin/koha/opac-detail.pl?biblionumber=38577
_yKatalog online BPK